00279nam a2200097Ia 4500008004100000100001500041245003700056260005800093300001000151650002000161220216s9999 xx 000 0 und d aPeries O S 0aProspects of the rubber industry bRubber Research Institute of Sri Lanka Bulletinc1973 a13-14 aRubber industry